<?xml version="1.0" encoding="UTF-8"?>
<collection xmlns="http://www.loc.gov/MARC21/slim">
    <record>
        <controlfield tag="001">5888</controlfield>
        <controlfield tag="005">20170405091946.0</controlfield>
        <datafield tag="037" ind1=" " ind2=" ">
            <subfield code="a">CORRESP-2011-093</subfield>
        </datafield>
        <datafield tag="041" ind1=" " ind2=" ">
            <subfield code="a">spa</subfield>
        </datafield>
        <datafield tag="100" ind1="1" ind2=" ">
            <subfield code="a">Celaya, Gabriel</subfield>
        </datafield>
        <datafield tag="245" ind1="0" ind2="0">
            <subfield code="a">Correspondencia de Gabriel Celaya, San Sebastián a 03/12/1950</subfield>
            <subfield code="f">1950-12-03</subfield>
        </datafield>
        <datafield tag="260" ind1=" " ind2=" ">
            <subfield code="a">San Sebastián</subfield>
            <subfield code="c">1950</subfield>
        </datafield>
        <datafield tag="300" ind1=" " ind2=" ">
            <subfield code="3">carta mecanografiada</subfield>
            <subfield code="a">2</subfield>
        </datafield>
        <datafield tag="500" ind1=" " ind2=" ">
            <subfield code="a">Mecanografiada</subfield>
        </datafield>
        <datafield tag="653" ind1="1" ind2=" ">
            <subfield code="a">Ory </subfield>
        </datafield>
        <datafield tag="653" ind1="1" ind2=" ">
            <subfield code="a">La voz de España</subfield>
        </datafield>
        <datafield tag="653" ind1="1" ind2=" ">
            <subfield code="a">Amparito</subfield>
        </datafield>
        <datafield tag="653" ind1="1" ind2=" ">
            <subfield code="a">Mallarmé</subfield>
        </datafield>
        <datafield tag="700" ind1=" " ind2=" ">
            <subfield code="a">Labordeta, Miguel</subfield>
            <subfield code="e">destinatario</subfield>
        </datafield>
        <datafield tag="856" ind1="0" ind2=" ">
            <subfield code="f">590943@celes.unizar.es</subfield>
        </datafield>
        <datafield tag="856" ind1="4" ind2=" ">
            <subfield code="s">330914</subfield>
            <subfield code="u">http://zaguan.unizar.es/record/5888/files/CORRESP-2011-093.pdf</subfield>
            <subfield code="z">Original (spa)</subfield>
        </datafield>
        <datafield tag="856" ind1="4" ind2=" ">
            <subfield code="s">78155</subfield>
            <subfield code="u">http://zaguan.unizar.es/record/5888/files/CORRESP-2011-093_2.pdf</subfield>
            <subfield code="z">Transcripción</subfield>
        </datafield>
        <datafield tag="980" ind1=" " ind2=" ">
            <subfield code="a">PERSONAL</subfield>
            <subfield code="b">MLABORDETA</subfield>
        </datafield>
    </record>

    
</collection>